Más que un eco de la opinión / (Registro nro. 13825)

Detalles MARC
000 -LEADER
fixed length control field 01257nam a2200313 a 4500
003 - CONTROL NUMBER IDENTIFIER
control field DO-SdBNP
005 - DATE AND TIME OF LATEST TRANSACTION
control field 20240221111239.0
008 - FIXED-LENGTH DATA ELEMENTS--GENERAL INFORMATION
fixed length control field 090716s2009 dr a 000 0 spa d
020 ## - INTERNATIONAL STANDARD BOOK NUMBER
International Standard Book Number 9789945020663 (v.1)
020 ## - INTERNATIONAL STANDARD BOOK NUMBER
International Standard Book Number 9789945020670 (v.2)
020 ## - INTERNATIONAL STANDARD BOOK NUMBER
International Standard Book Number 9789945020694 (v.3)
040 ## - CATALOGING SOURCE
Original cataloging agency DO-SdBNP
Language of cataloging spa
Transcribing agency BPMSU
082 ## - DEWEY DECIMAL CLASSIFICATION NUMBER
Classification number RD868.3
Item number B598m 2009
Edition number 22
100 1# - MAIN ENTRY--PERSONAL NAME
Personal name Billini, Francisco Gregorio,
Dates associated with a name 1844-1898
245 10 - TITLE STATEMENT
Title Más que un eco de la opinión /
Statement of responsibility, etc. Francisco Gregorio Billini ; editor Andrés Blanco Díaz.
260 ## - PUBLICATION, DISTRIBUTION, ETC. (IMPRINT)
Place of publication, distribution, etc. Santo Domingo :
Name of publisher, distributor, etc. Archivo General de la Nación,
Date of publication, distribution, etc. 2009.
300 ## - PHYSICAL DESCRIPTION
Extent 4 v. :
Other physical details il. ;
Dimensions 23 cm.
490 1# - SERIES STATEMENT
Series statement Archivo General de la Nación
Volume/sequential designation 77-80
500 ## - GENERAL NOTE
General note Incluye índice onomástico
505 0# - FORMATTED CONTENTS NOTE
Formatted contents note v. 1 Misceláneos, 1874-1898 -- v. 2. Escritos, 1879-1885 -- v. 3. Escritos, 1886-1889 -- v. 4. Escritos, 1890-1897.
590 ## - LOCAL NOTE (RLIN)
Local note Inventariado, 2021/VM
600 14 - SUBJECT ADDED ENTRY--PERSONAL NAME
Personal name Billini, Francisco Gregorio
Dates associated with a name 1844-1898
General subdivision Colecciones de escritos
650 #4 - SUBJECT ADDED ENTRY--TOPICAL TERM
Topical term or geographic name as entry element Ensayos dominicanos
Chronological subdivision Siglo XIX.
651 #4 - SUBJECT ADDED ENTRY--GEOGRAPHIC NAME
Geographic name República Dominicana
General subdivision Historia
Chronological subdivision 1844-1930
General subdivision
700 12 - ADDED ENTRY--PERSONAL NAME
Personal name Blanco Díaz, Andrés
Relator term ed.
710 2# - ADDED ENTRY--CORPORATE NAME
Corporate name or jurisdiction name as entry element Archivo General de la Nación (República Dominicana)
910 ## - USER-OPTION DATA (OCLC)
User-option data VMateo V. Control de calidad. BPMSU
942 ## - ADDED ENTRY ELEMENTS (KOHA)
Source of classification or shelving scheme Dewey Decimal Classification
Koha item type Libros
Existencias
Withdrawn status Lost status Source of classification or shelving scheme Damaged status Not for loan Collection code Home library Current library Date acquired Source of acquisition Full call number Barcode Date last seen Copy number Price effective from Koha item type
    Dewey Decimal Classification     Colección Dominicana Biblioteca Pública Metropolitana Salomé Ureña Biblioteca Pública Metropolitana Salomé Ureña 11/01/2021 AGN BPMSU CD RD868.3 B598m 2009 BPMSU21110002 11/01/2021 v.1 11/01/2021 Libros
    Dewey Decimal Classification     Colección Dominicana Biblioteca Pública Metropolitana Salomé Ureña Biblioteca Pública Metropolitana Salomé Ureña 11/01/2021 AGN BPMSU CD RD868.3 B598m 2009 BPMSU21110003 11/01/2021 v.2 11/01/2021 Libros
    Dewey Decimal Classification     Colección Dominicana Biblioteca Pública Metropolitana Salomé Ureña Biblioteca Pública Metropolitana Salomé Ureña 11/01/2021 AGN BPMSU CD RD868.3 B598m 2009 BPMSU21110004 11/01/2021 v.3 11/01/2021 Libros
    Dewey Decimal Classification     Colección Dominicana Biblioteca Pública Metropolitana Salomé Ureña Biblioteca Pública Metropolitana Salomé Ureña 11/01/2021 AGN BPMSU CD RD868.3 B598m 2009 BPMSU21110005 11/01/2021 v.4 11/01/2021 Libros